| 000 | 00939nam a22002537a 4500 | ||
|---|---|---|---|
| 003 | UA-OsUOA | ||
| 001 | 114670 | ||
| 007 | ta | ||
| 008 | 20151117b un ||||| |||| 00| 0 ukr d | ||
| 100 | _aІвасюк О. Я. | ||
| 090 |
_a81'25.4 _bЗ-66 |
||
| 942 | _cBK | ||
| 040 |
_aUA-OsUOA _bukr _cUA-OsUOA _dUA-OsUOA |
||
| 245 |
_aТеорія і практика віршового перекладу _b(На матеріалі творів Маргот Озбори та їх українських перекладів) |
||
| 300 | _a112 с. | ||
| 955 | _a2 | ||
| 041 | _aukr | ||
| 080 | _a81'25.4 | ||
| 020 | _a978-966-2541-07-6 | ||
| 260 |
_aЧернівці _bЧернівецький національний університет _c2012 |
||
| 250 | _n2-ге, доповнене | ||
| 650 | 7 |
_a8 Мовознавство. Художня література. Літературознавство _2UDC |
|
| 999 |
_c400816 _d400816 |
||